000 00844nam a22002897a 4500
001 BR9702348
003 BR-BrBNA
005 20230928095422.0
007 ta
008 230509b bl.||||| |||| 00| 0 por d
040 _aBR-BrBNA
_bpor
_cBiblioteca Nacional de Agricultura
041 _a(Por)
072 _aK10
090 _ K10 BR9702348
100 1 _aSteigleder, M. de V.
110 1 _aInstituto Teconologico do Rio Grande do Sul, Porto Alegre (Brasil)
245 1 _aDendrologia do Rio Grande do Sul. Fasc. 5. Moraceae
260 3 _aPorto Alegre, RS (Brasil):
_c1970.
300 _a37 p.
500 _aSerie desconsiderada; Summaries (Ger, Por)
650 _aMoraceae
650 _aDendrologia
650 _aPropriedade Fisico-Quimica
650 _aRio Grande do Sul
909 _a202309
_bLucia
_c55
_dLucia Elande
942 _cBK
999 _c56450
_d56450